Software engineering for self-adaptative systems

Guardat en:
Dades bibliogràfiques
Autors principals: Cheng, Betty H. C (Autor), Lemos, Rogério de (Autor), Giese, Holger (Autor), Inverardi, Paola (Autor), Magee, Jeff (Autor)
Format: Llibre
Idioma:anglès
Publicat: Berlín Springer 2009
Col·lecció:State of the Art, 5525
Matèries:
Etiquetes: Afegir etiqueta
Sense etiquetes, Sigues el primer a etiquetar aquest registre!

MARC

LEADER 00000nam a2200000 a 4500
001 UCH9468
003 CL-VaPUC
008 100107e20090000GW |||||||||||||||||eng|d
020 |a 9783642021602 
082 0 4 |a 005.1  |b CHE  |2 21 
100 0 |a Cheng, Betty H. C  |e author  |9 546592 
700 0 |a Lemos, Rogério de  |e author  |9 546593 
700 0 |a Giese, Holger  |e author  |9 546594 
700 0 |a Inverardi, Paola  |e author  |9 546595 
700 0 |a Magee, Jeff  |e author  |9 546596 
245 1 0 |a Software engineering for self-adaptative systems 
300 |a 260 p 
942 |c BK 
945 |d 20100107 00:00:00  |a dcastane 
260 |a Berlín  |b Springer  |c 2009 
650 0 |a Ingeniería de software   |9 263866 
650 0 |a Diseño de software  |9 451623 
650 0 |a Software  |9 387312 
583 |a last modification  |c 20100107 00:00:00  |k Rodrigo Vera 
490 0 |a State of the Art, 5525 
999 |c 339436  |d 339434 
952 |0 0  |1 0  |4 0  |6 005_100000000000000_CHE_2009  |7 0  |8 A  |9 433091  |a BIBING  |b BIBING  |d 2019-11-22  |i 4633032  |o 005.1 CHE 2009  |p 4633032  |r 2024-01-25  |w 2019-11-22  |y BK  |k EII